00409nam a2200169Ia 450000500170000000800410001702000120005804000190007004100120008908200170010110000170011824500340013526000310016930000100020065000190021085000100022920220519125304.0131103s9999 xx 000 0 und d cRs.6.00 aLoreto College aEnglish a891.441bHAI aHaidar, Daud aBashbhumi chereycDaud Haidar aKolkatabD M Libraryc1985 a76p.  aBengali poetry aLCLIB